000 00356pab a2200157 454500
008 180718b2011- 2012 xxu||||| |||| 00| 0 eng d
100 _aDas, P.M.
245 _aHumanising the police
260 _c2011- 2012
300 _ap.12-21.
362 _aOct - Jan
650 _aPolice
773 _aIndian Police Journal
908 _aN
909 _a95780
999 _c95780
_d95780